000 01337cam a22002771a 4500
001 0000003212
003 OSt
005 20140825164049.0
008 870815s1938 enkbcef 00010 eng d
035 _a 02190544
040 _aMnSLN
_cMnSLN
_dMnSLN
_dPUL
050 _aBX8495
_b.W5A2 1938
100 1 0 _aWesley, John,
_d1703-1791.
245 1 4 _aThe journal of the Rev. John Wesley... :
_benlarged from original mss., with notes from unpublished diaries, annotations, maps, and illustrations.
_nVol. 1.
250 _aStandard edition. /
_bEdited by Nehemiah Curnock, assisted by experts... A bicentenary issue 1938.
260 0 _aLondon :
_bEpworth,
_c1938.
300 _a8 v. :
_bfronts., plates, ports, maps (part. fold.) 2 plans (1 fold.) facsims. (1 fold) fold. diagrs. ;
_c23 cm.
500 _a"A complete reprint of the earlier issue of the Standard edition." - Publisher's note.
500 _a"Rev. Nehemiah Curnock...did not live to see the publication of the last two volumes; but he had written most of the final notes, prepared the appendix and much of the additional matter." - Addendum, vol. viii, p. 349-350, signed: John Telford.
590 _aMissing volume 2
600 _aJohn Wesley.
700 1 0 _aCurnock, Nehemiah,
_d1840-1915.
700 1 0 _aTelford, John,
_d1851-1936.
908 _a050302
942 _2lcc
_cBK
999 _c3105
_d3105